[Event "45th Olympiad 2024"]
[Site "Budapest HUN"]
[Date "2024.09.18"]
[Round "7.57"]
[Board "1"]
[White "Duran Vega, Sergio"]
[Black "Paiva, Donaldo"]
[Result "1-0"]
[WhiteElo "2308"]
[BlackElo "2139"]
[PlyCount "81"]
[EventDate "2024.09.11"]
[WhiteTeam "Costa Rica"]
[BlackTeam "Mozambique"]
[WhiteTeamCountry "CRI"]
[BlackTeamCountry "MOZ"]

1. d4 Nf6 2. c4 e6 3. g3 d5 4. Bg2 dxc4 5. Nf3 c5 6. O-O Nc6 7. Qa4 Bd7 8. Qxc4 b5 9. Qd3 c4 10. Qc2 Rc8 11. e4 Be7 12. Rd1 O-O 13. Qe2 Re8 14. Bf4 $146 ({RR} 14. Ne5 Qa5 15. Bg5 Red8 16. Nxd7 Rxd7 17. d5 Rcd8 18. Nc3 Ne5 19. Bh3 Qb6 20. Be3 Bc5 21. Bxc5 Qxc5 22. dxe6 Rd2 23. Bf1 R2d3 24. exf7+ Kxf7 25. Kg2 Kg8 26. Nd5 Nfg4 27. Re1 Rf8 28. Nf4 Nxf2 {½-½ Serarols Mabras,B (2363)-Peycheva,G (2065) EU-ch 20th Skopje 2019 (3)}) ({RR} 14. Ne5 Qc7 15. Bf4 Bd6 16. Nxd7 Nxd7 17. e5 Bb4 18. a3 Ba5 19. a4 Bb6 20. Be3 bxa4 21. Nc3 Red8 22. Rxa4 Qb8 23. Rxc4 Ne7 24. Rxc8 Rxc8 25. Be4 Nf8 26. Nb5 Rd8 27. Nd6 Nc8 28. Nc4 Rd7 {1-0 Gelfand,B (2731)-Bacrot,E (2692) ACP Masters KO rapid 2015 (1.2)}) ({RR} 14. Ne5 Qc7 15. Bf4 Qb7 16. a4 a6 17. axb5 axb5 18. Nc3 b4 19. Nxd7 Nxd7 20. Na4 Na5 21. e5 Qb5 22. d5 exd5 23. Bxd5 Nf8 24. Be3 Ne6 25. Nb6 Rc7 26. Rac1 Rd8 27. Qg4 c3 28. bxc3 bxc3 {1-0 Baziuk,V (2215)-Van de Lagemaat,A (1996) Wroclaw Open A 2024 (2.11)}) ({RR} 14. Ne5 Qc7 15. Bf4 Bd6 16. Nxd7 Nxd7 17. e5 Bf8 18. Nc3 Qa5 19. a4 b4 20. Ne4 c3 21. bxc3 bxc3 22. Ng5 h6 23. Bxc6 Rxc6 24. Qe4 hxg5 25. Qxc6 gxf4 26. Qxd7 Rd8 27. Qc6 Qb4 28. Rdc1 Rxd4 {1-0 Anurag,M (2484)-Lobanov,S (2521) Dieren op 2018 (8)}) ({RR} 14. Ne5 Qb6 15. Be3 Qc7 16. f4 Red8 17. a4 a6 18. axb5 axb5 19. Nc3 Qb7 20. Nxc6 Bxc6 21. d5 Bd7 22. d6 Bf8 23. e5 Nd5 24. Nxd5 exd5 25. Bxd5 Qb8 26. Ba7 {1-0 Alldritt,N (1954)-Gibson,C (1836) English Open 2023 (2.31)}) 14... Qb6 15. Nc3 b4 16. Na4 Nxd4 17. Nxd4 Bxa4 18. b3 Bc5 19. Be3 e5 20. Nf5 cxb3 21. axb3 Bxe3 22. Rxa4 Bd4 23. Ra6 Rc2 24. Qxc2 Qxa6 25. Nxd4 exd4 26. Rxd4 Qb6 27. Qd2 a5 28. h3 h5 29. Kh1 Qe6 30. Qe3 g6 31. Qg5 Qb6 32. Qd2 Qe6 33. Rc4 Nd7 34. Qe3 Rb8 35. Qa7 Rb5 36. Qc7 Qe7 37. Rd4 Rc5 38. Qxd7 Rc1+ 39. Kh2 Qc5 40. Qe8+ Kg7 41. Rd8 1-0

[Event "45th Olympiad 2024"]
[Site "Budapest HUN"]
[Date "2024.09.18"]
[Round "7.57"]
[Board "2"]
[White "Andrade, Ivan"]
[Black "Valdes Romero, Leonardo"]
[Result "1-0"]
[WhiteElo "2132"]
[BlackElo "2347"]
[PlyCount "93"]
[EventDate "2024.09.11"]
[WhiteTeam "Mozambique"]
[BlackTeam "Costa Rica"]
[WhiteTeamCountry "MOZ"]
[BlackTeamCountry "CRI"]

1. e4 d6 2. d4 Nf6 3. f3 g6 4. c4 Bg7 5. Nc3 O-O 6. Be3 b6 7. Qd2 c5 8. Nge2 Ba6 9. Nb5 $146 ({RR} 9. b3 Nc6 10. d5 Ne5 11. Rd1 Ne8 12. Bh6 f5 13. exf5 Rxf5 14. Bxg7 Nxg7 15. f4 Nd7 16. Ng3 Rf7 17. Be2 e5 18. dxe6 Nxe6 19. Bf3 Rb8 20. Bd5 Ndf8 21. O-O Bb7 22. f5 Bxd5 23. Qxd5 gxf5 {1-0 Stojnic,M (2155)-Grobelsek,A SLO-chT U18 Rogaska Slatina 1998}) ({RR} 9. b3 e6 10. Rd1 Nc6 11. d5 exd5 12. exd5 Ne5 13. Ng3 Nfd7 14. Be2 f5 15. O-O Qh4 16. f4 Nf7 17. Bf3 Rfe8 18. Rfe1 Nh6 19. Kh1 Nf8 20. Rc1 Re7 21. Bf2 Rxe1+ 22. Rxe1 Qf6 23. Re3 Bc8 {1-0 Fedoseev,V (2664)-Kokarev,D (2611) RUS Cup final 2015 (3.1)}) ({RR} 9. b3 e6 10. O-O-O Nc6 11. g4 Qc8 12. g5 Nh5 13. d5 exd5 14. Nxd5 f5 15. gxf6 Nxf6 16. Nef4 Qe8 17. Nxf6+ Rxf6 18. Nd5 Rf7 19. f4 Bb7 20. Bg2 b5 21. cxb5 Nd4 22. Bxd4 cxd4 23. Kb1 Bxd5 {0-1 Abdurakhmonov,M (2405)-Sindarov,J (2684) ch-UZB 2024 Tashkent UZB (6.10)}) ({RR} 9. b3 e6 10. dxc5 dxc5 11. Qxd8 Rxd8 12. Ng3 Ng4 13. Bd2 Nf2 14. Rg1 Bd4 15. Nge2 Nd3+ 16. Kd1 Bxg1 17. Nxg1 f6 18. Nb5 Bxb5 19. cxb5 a6 20. Kc2 Nb4+ 21. Bxb4 cxb4 22. Bc4 Kf7 23. a4 bxa3 {0-1 Hardy,O-Beaty,J British CF-52 Championship 1965 (5)}) ({RR} 9. b3 Re8 10. d5 Nbd7 11. Rd1 Ne5 12. Bh6 Nd3+ 13. Qxd3 Bxh6 14. g3 Qc7 15. Nb5 Qb8 16. Bg2 Bb7 17. O-O a6 18. Nbc3 Qc7 19. a4 Rad8 20. Kh1 e6 21. Rf2 exd5 22. Nxd5 Nxd5 23. cxd5 Bc8 {0-1 Phillips,J-Penrose,J British CF-54 Championship 1967 (9)}) 9... Bxb5 10. cxb5 a6 11. Nc3 Nfd7 12. Be2 axb5 13. Nxb5 Nc6 14. d5 Na7 15. g4 Nxb5 16. Bxb5 Ne5 17. O-O e6 18. h3 exd5 19. Qxd5 g5 20. a4 Qe7 21. Rad1 Rfd8 22. b3 h6 23. f4 gxf4 24. Bxf4 Qe6 25. Bg3 Ra7 26. Bh4 Rf8 27. Kg2 Qg6 28. Rf5 Qe6 29. Qxe6 fxe6 30. Rxf8+ Bxf8 31. Bd8 Rb7 32. Ba6 Rb8 33. Bc7 Ra8 34. Bb5 Rc8 35. Bxb6 c4 36. bxc4 Nxc4 37. Bd7 Rb8 38. Bxe6+ Kh7 39. Bd4 Ne5 40. a5 Rb4 41. a6 Nc6 42. Bc3 Ra4 43. Rf1 Bg7 44. Rf7 Ne5 45. Bxe5 dxe5 46. a7 Kg6 47. Bd5 1-0

[Event "45th Olympiad 2024"]
[Site "Budapest HUN"]
[Date "2024.09.18"]
[Round "7.57"]
[Board "3"]
[White "Jimenez Garcia, Emmanuel"]
[Black "Jamal, Hamid Harmon Gulamo"]
[Result "1-0"]
[WhiteElo "2352"]
[BlackElo "1959"]
[PlyCount "75"]
[EventDate "2024.09.11"]
[WhiteTeam "Costa Rica"]
[BlackTeam "Mozambique"]
[WhiteTeamCountry "CRI"]
[BlackTeamCountry "MOZ"]

1. d4 Nf6 2. c4 g6 3. f3 c5 4. d5 Bg7 5. e4 d6 6. Ne2 e6 7. Nec3 O-O 8. Be2 a6 9. a4 exd5 10. cxd5 Re8 ({RR} 10... Nbd7 11. O-O Nh5 12. f4 Bd4+ 13. Kh1 Qh4 14. Bxh5 gxh5 15. Nd2 Bg7 16. Nc4 Nf6 17. Qe1 Qxe1 18. Rxe1 Rd8 19. e5 dxe5 20. fxe5 Ng4 21. Kg1 Bf5 22. Bf4 b5 23. Nd6 Rxd6 24. exd6 Bd4+ 25. Kf1 {1-0 Loeffler,S (2332)-Vlcek,S (2233) TCh-AUT 2nd Ost 2023-24 (8.3)}) 11. O-O Nbd7 12. Na3 Ne5 $146 ({RR} 12... Nf8 13. Nc4 b6 14. Bf4 Nh5 15. Bxd6 Bd4+ 16. Kh1 Bb7 17. f4 Nf6 18. Bf3 Bxc3 19. bxc3 b5 20. Bxf8 Kxf8 21. Ne5 c4 22. Qd4 Nd7 23. Nc6 Qb6 24. Qh8# {1-0 Shishkov,A (2340)-Zaksaite,S (2217) Titled Tue 8th Aug Early 2023 (8)}) 13. f4 Ned7 14. Qc2 Rb8 15. Nc4 Nb6 16. Ne3 Nxe4 17. Nxe4 Bf5 18. Nxf5 gxf5 19. Ng3 Bd4+ 20. Kh1 Nxd5 21. Qxf5 Nf6 22. Bd3 d5 23. Nh5 Ne4 24. Bxe4 dxe4 25. Ra3 Re6 26. Rg3+ Kh8 27. Qxf7 Qe7 28. Qxe7 Rxe7 29. Be3 b5 30. axb5 Rxb5 31. b3 Reb7 32. Bxd4+ cxd4 33. Nf6 Rb8 34. Nxe4 Rxb3 35. Rxb3 Rxb3 36. f5 Re3 37. f6 Kg8 38. f7+ 1-0

[Event "45th Olympiad 2024"]
[Site "Budapest HUN"]
[Date "2024.09.18"]
[Round "7.57"]
[Board "4"]
[White "Farisse, Joao"]
[Black "Cabezas Solano, David Alejandro"]
[Result "1/2-1/2"]
[WhiteElo "1851"]
[BlackElo "2248"]
[PlyCount "94"]
[EventDate "2024.09.11"]
[WhiteTeam "Mozambique"]
[BlackTeam "Costa Rica"]
[WhiteTeamCountry "MOZ"]
[BlackTeamCountry "CRI"]

1. c4 e6 2. d4 Nf6 3. Nf3 d5 4. Nc3 dxc4 5. e3 a6 6. Bxc4 b5 7. Bd3 Bb7 8. O-O c5 9. dxc5 Bxc5 10. a3 O-O ({RR} 10... Nbd7 11. b4 Be7 12. Bb2 O-O 13. Rc1 {½-½ Akobian,V (2612)-Shulman,Y (2632) Chicago op 18th 2009 (7)}) 11. b4 Bb6 ({RR} 11... Be7 12. Bb2 Nbd7 13. Qe2 Qb8 14. Rfd1 Rd8 15. h3 h6 16. Rac1 Bd6 17. Nd4 Ne5 18. Bb1 Nc4 19. Ba2 Nxb2 20. Qxb2 Bh2+ 21. Kh1 Be5 22. Qe2 Bxd4 23. Rxd4 Rxd4 24. exd4 Qd6 25. Qe5 Rd8 26. Rd1 {0-1 Arca,C (2283)-Makarian,R (2524) Titled Tue 23rd Apr Early 2024 (2)}) 12. Bb2 Qe7 $146 ({RR} 12... Qd6 13. Bxh7+ Nxh7 14. Qxd6 Nc6 15. Qg3 g6 16. Ne4 Bd8 17. Neg5 {1-0 Henning,M (1612)-Sauer,J (1424) GER-chT North U12 2014 (7.3)}) 13. Qe2 Nbd7 14. Rfd1 e5 15. Bf5 e4 16. Ng5 Rfd8 17. Qc2 Rac8 18. Ngxe4 Bxe4 19. Bxe4 Rxc3 20. Bxh7+ Nxh7 21. Qxc3 Ndf6 22. Rac1 Nf8 23. Rxd8 Qxd8 24. h3 a5 25. Qe5 axb4 26. axb4 Qd2 27. Rc6 Bd8 28. Bc3 Qd1+ 29. Kh2 Qe2 30. Rc8 Ne6 31. Qd6 Qxf2 32. Rxd8+ Nxd8 33. Qxd8+ Kh7 34. Bxf6 gxf6 35. Qd3+ Kg7 36. Qxb5 Qxe3 37. Qc5 Qf4+ 38. Kg1 f5 39. b5 Qe4 40. b6 f4 41. Kf2 Kh7 42. h4 Kh6 43. Qg5+ Kh7 44. Qb5 Qe3+ 45. Kf1 Qc1+ 46. Ke2 Qe3+ 47. Kf1 Qc1+ 1/2-1/2

[Event "45th Olympiad 2024"]
[Site "Budapest HUN"]
[Date "2024.09.18"]
[Round "7.58"]
[Board "1"]
[White "Blackman, Justin"]
[Black "Wiedenkeller, Michael"]
[Result "1/2-1/2"]
[WhiteElo "2265"]
[BlackElo "2406"]
[PlyCount "82"]
[EventDate "2024.09.11"]
[WhiteTeam "Barbados"]
[BlackTeam "Luxembourg"]
[WhiteTeamCountry "BAR"]
[BlackTeamCountry "LUX"]

1. d4 d5 2. Bf4 Nf6 3. e3 e6 4. Nf3 Bd6 5. Bg3 O-O 6. Nbd2 c5 7. c3 Qc7 8. Bd3 Nbd7 9. O-O e5 10. e4 exd4 11. cxd4 Bxg3 12. hxg3 dxe4 13. Nxe4 ({RR} 13. Bxe4 cxd4 14. Rc1 Qa5 15. Bb1 Ne5 16. Nxe5 Qxe5 17. Nf3 Qh5 18. Qxd4 Bg4 19. Rc5 Qh6 20. Ne5 Be2 21. Re1 b6 22. Rc6 Rad8 23. Rd6 Rc8 24. f4 Rfe8 25. Bf5 Rc5 26. b4 Rc7 27. Ng4 Qh5 {1-0 Bagheri,A (2381)-Villa Tornero,A (2321) TCh-CAT Gp2 2024 (5.6)}) 13... Nxe4 14. Bxe4 Nf6 15. Qc2 Bg4 $146 ({RR} 15... Nxe4 16. Qxe4 cxd4 17. Ng5 g6 18. Qxd4 Bf5 19. Rac1 Qb6 20. Qh4 h5 21. b4 Rac8 22. Qf4 Kg7 23. Rfe1 Qf6 24. Qe3 Rfe8 25. Qf4 Red8 26. Rxc8 Rxc8 27. Rc1 Rxc1+ 28. Qxc1 Qd4 29. a3 Bd7 30. Qc7 {½-½ Afonasieva,A (2312)-Radeva,V (2277) Wch U18 Girls 2019 (11)}) ({RR} 15... Re8 16. Rfe1 Rxe4 17. Rxe4 Bf5 18. Re8+ Rxe8 19. Qxf5 cxd4 20. Nxd4 Qb6 21. Nb3 g6 22. Qf3 h5 23. Rf1 Ng4 24. Qd1 Rd8 25. Qc2 Rd5 26. Nd2 Rc5 27. Qb1 Qc7 28. Nf3 Rc2 29. Nd4 Rd2 30. Nf3 {0-1 Paraschiv,P (1885)-Foisor,S (2170) TCh-ROU Superliga w 2023 (2.3)}) 16. dxc5 Nxe4 17. Qxe4 Bxf3 18. gxf3 Qxc5 19. Rac1 Qb6 20. Rc2 Rfe8 21. Qg4 Rad8 22. Rfc1 h6 23. Qf5 Qe6 24. Qxe6 Rxe6 25. Rc8 Rxc8 26. Rxc8+ Kh7 27. Rc7 Rb6 28. b3 Kg6 29. f4 h5 30. Kg2 Kf6 31. Kf3 Ra6 32. Rxb7 Rxa2 33. Ke3 g6 34. Rb4 a6 35. Rb7 Rb2 36. Kf3 Ke6 37. Rb6+ Kf5 38. Rxa6 Rxb3+ 39. Kg2 Rb5 40. Kf3 Rc5 41. Ra3 Rb5 1/2-1/2

[Event "45th Olympiad 2024"]
[Site "Budapest HUN"]
[Date "2024.09.18"]
[Round "7.58"]
[Board "2"]
[White "Berend, Fred"]
[Black "Lynch, Kemp"]
[Result "1/2-1/2"]
[WhiteElo "2230"]
[BlackElo "1944"]
[PlyCount "165"]
[EventDate "2024.09.11"]
[WhiteTeam "Luxembourg"]
[BlackTeam "Barbados"]
[WhiteTeamCountry "LUX"]
[BlackTeamCountry "BAR"]

1. g3 Nf6 2. Bg2 g6 3. e4 d6 4. d4 Bg7 5. Ne2 O-O 6. h3 e5 7. Be3 Nc6 8. Nbc3 Nd7 9. O-O Nb6 ({RR} 9... f5 10. f4 fxe4 11. Nxe4 exd4 12. Nxd4 Nxd4 13. Bxd4 Nf6 14. Nxf6+ Bxf6 15. g4 c6 16. Qd2 d5 17. f5 gxf5 18. gxf5 Bxd4+ 19. Qxd4 Bxf5 20. Rf4 Qb6 21. c3 Rae8 22. Raf1 Qxd4+ 23. cxd4 Bg6 24. b4 {0-1 Sharapova,P (1597)-Zamekhovskiy,Y (1937) Bogdanovich Memorial Qual 1 blitz 2021 (12)}) 10. b3 Kh8 $146 ({RR} 10... h6 11. a4 Kh7 12. dxe5 dxe5 13. Qxd8 Nxd8 14. Nb5 Ne6 15. Rad1 c5 16. c3 Bd7 17. Nd6 Bc6 18. f4 Nd7 19. Nxb7 Bxb7 20. Rxd7 Ba6 21. f5 Nd4 22. cxd4 cxd4 23. fxg6+ Kh8 24. Bd2 Bxe2 25. Rfxf7 {1-0 Gadjily,R (2260)-Dao,T (2475) Olympiad-31 Moscow 1994 (13.1)}) ({RR} 10... f5 11. exf5 Bxf5 12. d5 Ne7 13. a4 c6 14. Bg5 c5 15. a5 Nbc8 16. Qd2 Rf7 17. g4 Bd7 18. Ng3 Qf8 19. Be4 Kh8 20. Rfb1 b5 21. axb6 Nxb6 22. b4 cxb4 23. Rxb4 Ng8 24. Nd1 Nf6 25. Bg2 {1-0 Khairullin,I (2537)-Tarasova,V (2255) Chigorin Memorial 13th 2005 (1)}) ({RR} 10... f5 11. exf5 gxf5 12. f4 e4 13. d5 Ne7 14. a4 Qe8 15. a5 Nd7 16. Nb5 Qd8 17. Bd4 a6 18. Bxg7 Kxg7 19. Nbd4 Nf6 20. c4 Rg8 21. Nc2 Bd7 22. Ne3 Kf7 23. Kh2 Qf8 24. Rc1 Qh6 25. Rg1 {1-0 Martinovic,S (2475)-Meo,S Caorle op 1981 (2)}) ({RR} 10... f5 11. Qd2 f4 12. gxf4 Qh4 13. f5 exd4 14. Bg5 dxc3 15. Qe3 Nd5 16. exd5 Qb4 17. dxc6 Bxf5 18. Bh6 Bxh6 19. Qxh6 Rae8 20. Nf4 bxc6 21. Bxc6 Re5 22. Bd5+ Rxd5 23. Nxd5 Qe4 24. Rae1 Qxd5 25. Re7 {1-0 Nguyen,T (2273)-Tu,H (2395) Hanoi op 1995}) 11. Qd2 f5 12. exf5 Bxf5 13. Rad1 exd4 14. Nxd4 Nxd4 15. Bxd4 Bxd4 16. Qxd4+ Qf6 17. g4 Bd7 18. Bxb7 Rae8 19. Bg2 Qxd4 20. Rxd4 Re5 21. f4 Re3 22. Ne4 Re2 23. Rd2 Rxd2 24. Nxd2 h5 25. gxh5 gxh5 26. Kh2 Bf5 27. c4 Re8 28. Rf2 Kg7 29. Nf3 Kf6 30. Nd4 a5 31. Bf3 h4 32. Bg4 Bd3 33. a4 Re3 34. Nb5 Be4 35. Rb2 Re1 36. Rg2 Bxg2 37. Kxg2 Rb1 38. Nxc7 Rxb3 39. Ne8+ Ke7 40. Ng7 Nxc4 41. Nf5+ Kf6 42. Nxh4 Ne3+ 43. Kf2 d5 44. Nf3 Ra3 45. Bd7 Nf5 46. h4 Ra2+ 47. Ke1 Ra3 48. Kf2 Ra2+ 49. Ke1 d4 50. Bxf5 Kxf5 51. Nxd4+ Kxf4 52. Kd1 Rxa4 53. Nb3 Ra2 54. Kc1 Ke3 55. Kb1 Ra4 56. Kb2 Rb4 57. Ka3 Rxh4 58. Nxa5 Kd3 59. Kb3 Rh5 60. Kb4 Kd4 61. Nb3+ Kd5 62. Kc3 Kc6 63. Kc4 Rh4+ 64. Nd4+ Kd6 65. Kd3 Kd5 66. Nf3 Ra4 67. Ke3 Rb4 68. Nd2 Ra4 69. Nf3 Rg4 70. Kd3 Rg3 71. Ke3 Rh3 72. Kf4 Rh8 73. Ke3 Rf8 74. Nd2 Ra8 75. Nf3 Ra3+ 76. Kf4 Rd3 77. Ng5 Rd4+ 78. Ke3 Rc4 79. Nf3 Rc3+ 80. Kf4 Ke6 81. Nd4+ Kd5 82. Nf3 Rxf3+ 83. Kxf3 1/2-1/2

[Event "45th Olympiad 2024"]
[Site "Budapest HUN"]
[Date "2024.09.18"]
[Round "7.58"]
[Board "3"]
[White "Corbin, Philip"]
[Black "Berend, Elvira"]
[Result "0-1"]
[WhiteElo "1916"]
[BlackElo "2219"]
[PlyCount "80"]
[EventDate "2024.09.11"]
[WhiteTeam "Barbados"]
[BlackTeam "Luxembourg"]
[WhiteTeamCountry "BAR"]
[BlackTeamCountry "LUX"]

1. e4 c5 2. d4 cxd4 3. c3 Nf6 4. e5 Nd5 5. Nf3 e6 6. cxd4 d6 7. Bc4 Be7 8. O-O O-O 9. Nbd2 ({RR} 9. Qe2 Bd7 10. Bxd5 exd5 11. Nc3 Be6 12. Qb5 Qd7 13. Bg5 Bxg5 14. Nxg5 Nc6 15. f4 a6 16. Qb6 Qd8 17. Qxd8 Raxd8 18. Rad1 h6 19. Nf3 dxe5 20. Nxe5 Ne7 21. Rfe1 f6 22. Nd3 Kf7 23. Kf2 h5 {½-½ Najer,E (2663)-Kokarev,D (2552) 77th ch-RUS HL 2024 (7.2)}) 9... b6 ({RR} 9... dxe5 10. dxe5 Nb6 11. Bb3 Bd7 12. Ne4 Bc6 13. Nd6 N8d7 14. Bf4 Nd5 15. Bxd5 Bxd5 16. Qe2 Nxe5 17. Qxe5 f6 18. Qe3 Bxd6 19. Rad1 Bxf4 20. Qxf4 Qb6 21. b3 Rac8 22. Qg3 Rc3 23. Qg4 Rc2 24. Nd4 {0-1 Manvelyan,M (2289)-Sjugirov,S (2661) Titled Tue 25th Jun Early 2024 (4)}) 10. Ne4 Bb7 11. Bd3 $146 ({RR} 11. Neg5 h6 12. Nh3 dxe5 13. dxe5 Qc7 14. Qe2 Nd7 15. Bd2 Nb4 16. Bc3 Bxf3 17. gxf3 Rac8 18. Bb3 Rfd8 19. Nf4 Nf8 20. Kh1 Nc6 21. Rg1 Nd4 22. Bxd4 Rxd4 23. Nh5 Ng6 24. Bxe6 fxe6 25. Rxg6 Bf8 {0-1 Valdivia Pena,Y (2045)-Sanchez Ones,Y CUB-ch U16 Girls 2010 (6)}) 11... dxe5 12. Nxe5 Nd7 13. Nxd7 Qxd7 14. Qh5 f5 15. Ng5 Bxg5 16. Bxg5 h6 17. Bd2 Rf6 18. Rad1 Qa4 19. Bb1 Qb5 20. Bc1 Rc8 21. Rfe1 Rxc1 22. Rxc1 Nf4 23. Qd1 Nh3+ 24. gxh3 Rg6+ 25. Qg4 Rxg4+ 26. hxg4 Qd5 27. Kf1 Qg2+ 28. Ke2 Qxg4+ 29. Kd3 Qf3+ 30. Kc4 Bd5+ 31. Kb5 Qxf2 32. b3 Qd2 33. b4 Qxd4 34. Rc8+ Kh7 35. Rec1 Qb2 36. Ka4 a5 37. a3 Qb3+ 38. Kb5 Qxa3 39. R8c7 Qxb4+ 40. Ka6 a4 0-1

[Event "45th Olympiad 2024"]
[Site "Budapest HUN"]
[Date "2024.09.18"]
[Round "7.58"]
[Board "4"]
[White "Mertens, Marc"]
[Black "Edwards, Emar"]
[Result "1-0"]
[WhiteElo "2120"]
[BlackElo "1898"]
[PlyCount "99"]
[EventDate "2024.09.11"]
[WhiteTeam "Luxembourg"]
[BlackTeam "Barbados"]
[WhiteTeamCountry "LUX"]
[BlackTeamCountry "BAR"]

1. e4 {Boensch,Uwe} c5 2. Nf3 d6 3. d4 cxd4 4. Nxd4 Nf6 5. Nc3 g6 6. g3 Nc6 7. Bg2 ({RR} 7. Nde2 Bg7 8. Bg2 O-O 9. O-O Rb8 10. a4 a6 11. Nd5 b5 12. axb5 axb5 13. Be3 b4 14. Ra2 Ng4 15. Bg5 h6 16. Bc1 e6 17. Ne3 b3) 7... Nxd4 8. Qxd4 Bg7 9. O-O O-O 10. h3 ({RR} 10. Qd3 Be6 11. Nd5 Rc8 12. c3 Re8 13. Bg5 Ng4 14. Rad1 h6 15. Bc1 Qa5 16. a3 Bd7 17. Qe2 Ne5 18. Rfe1 Ba4) ({RR} 10. a4 Be6 11. Qb4 Qc7 12. a5 Nd7 13. Bd2 ({RR} 13. Nd5 Bxd5 14. exd5 Qxc2 15. Bg5 Qxb2 16. Qxb2 Bxb2 17. Bxe7 Bxa1 18. Rxa1 Rfe8) ({RR} 13. Bg5 Rfe8 14. Rfc1 Ne5 15. Nd5 Qd7) ({RR} 13. Be3 Bxc3 14. bxc3 Ne5 15. f4 Nc4 16. Bd4 f6 17. Rfe1) 13... Rfe8 14. Rfc1 Ne5 15. Nd5 Qd7 16. Qa4 Rac8 17. Bc3 Bh3 18. Qxd7 Bxd7 19. f4) 10... Be6 ({RR} 10... Qa5 11. Qd1 Be6 12. a4 Rac8 13. Re1 Rfe8 14. Bd2 Qb4 15. e5 dxe5 16. Rxe5 Qd4 17. Rb5 b6) 11. Qd1 Nd7 ({RR} 11... Qc8 12. Kh2 Qc4 13. a4 Rac8 14. a5 Nd7 15. Ra3 Qc7 16. f4 Bxc3 17. Rxc3 ({RR} 17. bxc3 Qc5) 17... Qxa5 18. f5 Bc4 ({RR} 18... gxf5 19. exf5 Bxf5 ({RR} 19... Rxc3 20. fxe6) 20. Bh6 Rxc3 21. bxc3 Bg6 ({RR} 21... Rc8 22. Qh5 Rc5 23. Rxf5 Rxf5 24. Qg4+) 22. Bxf8 Kxf8) 19. Rf4 Ba6 20. fxg6 hxg6 ({RR} 20... fxg6 21. Qg4) 21. Rh4 Rxc3 22. Bd2 Rfc8 23. Bxc3 Rxc3 24. Qd2 Qe5 ({RR} 24... Nf6 25. Qh6 ({RR} 25. bxc3 g5 26. Rh6 Kg7) ({RR} 25. Qxc3 Qxc3 26. bxc3 g5 27. Rh6 Kg7) 25... Nh5 26. bxc3 Qxc3) 25. bxc3 Bc4 26. Qh6 {0-1 Makarichev,S (2540)-Svidler,P (2635) RUS-ch Elista 1995 (2)} ({RR} 26. Qd4 Qxd4 27. cxd4 e5)) ({RR} 11... Qc7 12. Nd5 Bxd5 ({RR} 12... Nxd5 13. exd5 Bf5 14. c3 b5 15. Qe2 Rab8 16. Bg5 Rfe8 17. Qd2 h5 18. Rfe1 a5 19. Rac1) 13. exd5 b5 14. Re1 Rfe8 15. c3 Rab8 ({RR} 15... a5) 16. Bg5 h6 17. Be3 Nd7 18. Qd2) ({RR} 11... Rc8 12. Be3 a6 13. Qd2 b5 14. a3 Bc4 15. Rfe1 a5 16. Rab1 b4 17. axb4 axb4 18. Nd5 Bxd5 19. exd5 Qc7 20. Rbc1 Qc4 21. c3 bxc3 22. Rxc3 Qb5 23. Rec1 Rxc3 24. Rxc3 Rb8 25. Rc2 Nd7 26. Bd4 {½-½ Wang,A (1911)-Vila Dupla,A (2042) Titled Tue 21st May Late 2024 (10)}) 12. Nd5 Re8 13. a4 $146 ({RR} 13. c3 b5 14. a4 Bxd5 15. exd5 bxa4 16. Qxa4 Nc5 17. Qc4 a5 18. Be3 Qb6 19. b4 Qa6 20. Qxa6 Nxa6 21. b5 Nc5 22. Bxc5 dxc5 23. d6 exd6 24. Bxa8 Rxa8 25. Ra3 Bf6 26. Rd1 c4 27. Rxd6 Be7 {1-0 Klima,L (2334)-Skalsky,A (2255) CZE-chT1E 1920 2019 (1.3)}) 13... Rc8 14. c3 Ne5 15. Re1 Nc4 16. Ra2 Qd7 17. Kh2 b6 18. b3 Na5 19. c4 Nc6 20. Bg5 h6 21. Be3 Kh7 22. Rae2 Qd8 23. Nf4 Bd7 24. Qd2 Rb8 25. Rd1 Qc8 26. Nd5 Ne5 27. f4 Nc6 28. Bf2 Na5 29. Qd3 Nb7 30. Bd4 Nc5 31. Qc2 Bxd4 32. Rxd4 Ne6 33. Rd1 Qc5 34. Qb2 a6 35. e5 dxe5 36. Rxe5 Qc8 37. Qf2 f6 38. Re2 Nc5 39. Qe3 Be6 40. b4 Bxd5 41. Bxd5 Nxa4 42. Bf7 Rf8 43. Be6 Qc6 44. Bd7 Qxc4 45. Bxa4 Qxb4 46. Qxe7+ Qxe7 47. Rxe7+ Kh8 48. Rdd7 Rfd8 49. Rh7+ Kg8 50. Bb3+ 1-0

[Event "45th Olympiad 2024"]
[Site "Budapest HUN"]
[Date "2024.09.18"]
[Round "7.59"]
[Board "1"]
[White "Ssegwanyi, Arthur"]
[Black "Chinchilla, Alejandro Jose"]
[Result "0-1"]
[WhiteElo "2365"]
[BlackElo "2113"]
[PlyCount "85"]
[EventDate "2024.09.11"]
[WhiteTeam "Uganda"]
[BlackTeam "Honduras"]
[WhiteTeamCountry "UGA"]
[BlackTeamCountry "HON"]

1. e4 e6 2. d4 d5 3. Nc3 Be7 4. Bd3 c5 5. exd5 exd5 6. Nf3 Nf6 7. O-O ({RR} 7. dxc5 O-O 8. O-O Bxc5 9. Bg5 Be6 10. h3 Nc6 11. Ne2 h6 12. Bh4 g5 13. Bg3 Ne4 14. c3 Qf6 15. Nfd4 Nxd4 16. cxd4 Bb6 17. Be5 Qe7 18. Nc3 f6 19. Bh2 Rad8 20. Bc2 Qb4 21. Qh5 Kg7 {½-½ Caruana,F (2792)-Demidov,M (2562) Titled Tuesday intern op 01st Mar Late blitz 2022 (8)}) ({RR} 7. dxc5 O-O 8. Bg5 Nc6 9. O-O Be6 10. Na4 d4 11. a3 Qd5 12. b4 Rad8 13. Re1 Rfe8 14. Nb2 Bg4 15. Bc4 Qf5 16. Qd3 Qxd3 17. Nxd3 Bxf3 18. gxf3 h6 19. Bd2 Nd7 20. b5 Ncb8 21. Bb4 Bf8 {1-0 Woelk,T (2361)-Steczek,M (2346) 2nd Bundesliga Nord 23-24 2023 (9.3)}) 7... c4 8. Be2 Nc6 9. Bg5 $146 ({RR} 9. b3 cxb3 10. axb3 O-O 11. Ne5 Nb4 12. Na4 Ne4 13. f3 Nd6 14. c3 Nc6 15. Nxc6 bxc6 16. Re1 Bh4 17. g3 Be7 18. Bf1 Nf5 19. Ba3 Bxa3 20. Rxa3 h5 21. Bd3 Nd6 22. Re5 g6 23. Ra2 Bh3 {½-½ Paramos Dominguez,R (2398)-Arizmendi Martinez,J (2529) ESP-chT CECLUB Div1 2015 (1.4)}) ({RR} 9. Ne5 Qb6 10. Nxc6 bxc6 11. Re1 Be6 12. b3 Bb4 13. Na4 Qc7 14. c3 Bd6 15. g3 h5 16. Bf1 Kf8 17. Nc5 Bg4 18. Qd2 h4 19. Ba3 hxg3 20. fxg3 a5 21. Re3 Kg8 22. bxc4 Rh5 23. Rae1 g6 {0-1 Elsen,M-Kargoll,P (2245) RLPF-ch Landau 1988 (11)}) 9... O-O 10. Ne5 h6 11. Bh4 Be6 12. Bf3 Qb6 13. Na4 Qc7 14. Re1 Rfe8 15. Ng6 Bb4 16. c3 Bd6 17. Bxf6 gxf6 18. Nh4 Bxh2+ 19. Kh1 Bg3 20. Bxd5 Bxh4 21. Bxe6 fxe6 22. g3 Bg5 23. Nc5 e5 24. d5 Nd8 25. Ne4 f5 26. f4 fxe4 27. fxg5 Nf7 28. gxh6 Nd6 29. Rf1 Qe7 30. Qh5 Kh7 31. b3 Rg8 32. bxc4 b6 33. c5 bxc5 34. Rf2 Rxg3 35. Raf1 Rg6 36. Rg1 Rag8 37. Rfg2 Qf6 38. Rxg6 Rxg6 39. Rxg6 Qxg6 40. Qxe5 Qxh6+ 41. Kg2 Qg7+ 42. Qxg7+ Kxg7 43. Kg3 0-1

[Event "45th Olympiad 2024"]
[Site "Budapest HUN"]
[Date "2024.09.18"]
[Round "7.59"]
[Board "2"]
[White "Colindres, Daniel"]
[Black "Kawuma, Patrick"]
[Result "1-0"]
[WhiteElo "2079"]
[BlackElo "2207"]
[PlyCount "73"]
[EventDate "2024.09.11"]
[WhiteTeam "Honduras"]
[BlackTeam "Uganda"]
[WhiteTeamCountry "HON"]
[BlackTeamCountry "UGA"]

1. e4 c5 2. Nf3 d6 3. c3 Nf6 4. h3 g6 5. Bd3 Bg7 6. O-O O-O 7. Bc2 e5 8. d4 exd4 9. cxd4 cxd4 10. Nxd4 Nc6 11. Nxc6 bxc6 12. Nc3 d5 13. exd5 ({RR} 13. Be3 Nxe4 14. Nxe4 dxe4 15. Bxe4 Ba6 16. Re1 Bxb2 17. Rb1 Bc3 18. Qxd8 Raxd8 19. Rec1 Bd2 20. Rxc6 Bxe3 21. fxe3 Bd3 22. Bxd3 Rxd3 23. Ra6 Rd7 24. Rb2 Rc8 25. Kf2 Kg7 26. g4 Rc5 27. Rb4 Rc2+ {½-½ Jakovenko,D (2759)-Khismatullin,D (2642) RUS-ch 68th Chita 2015 (3)}) 13... Nxd5 ({RR} 13... cxd5 14. Bg5 Be6 15. Qd2 d4 16. Ne4 Rb8 17. b3 Nxe4 18. Bxe4 Qb6 19. Rac1 a5 20. Rc6 Qb5 21. Rfc1 a4 22. R6c5 Qb4 23. Qxb4 Rxb4 24. Bd2 Rbb8 25. bxa4 d3 26. Bd5 Rb2 27. Rd1 Bd4 28. Ra5 {0-1 Darmanin,J (2091)-Korchmar,V (2438) Titled Tue 26th Mar Early 2024 (1)}) 14. Ne4 Rb8 $146 ({RR} 14... Ba6 15. Re1 Qb6 16. Rb1 Rfe8 17. Be3 Nxe3 18. Rxe3 Rad8 19. Qf3 Bc4 20. Rbe1 Re6 21. Bb3 Bxb3 22. axb3 h6 23. R1e2 Bd4 24. Rd3 f5 25. Ng3 Rxe2 26. Nxe2 Bxf2+ 27. Kf1 Rxd3 28. Qxd3 Be3 29. b4 {½-½ Arribas Lopez,A (2332)-Hernandez Leon,A (2236) ESP-ch U18 Padron 2008 (4)}) 15. Bb3 Rb4 16. Qf3 Bf5 17. Ng3 Be6 18. Bd2 Rb8 19. Rac1 a5 20. Rxc6 a4 21. Bc4 Rxb2 22. Rd1 Rb7 23. Bc3 Rd7 24. Bxg7 Kxg7 25. Ne4 Nc7 26. Qc3+ f6 27. Rxd7+ Bxd7 28. Rd6 Qe7 29. Qd4 Be8 30. f4 Nb5 31. Bxb5 Bxb5 32. Nc5 Rf7 33. Ne6+ Kh6 34. f5 Qa7 35. Rb6 gxf5 36. Rxb5 Qxd4+ 37. Nxd4 1-0